000 00403nam a2200145Ia 4500
008 100122s9999 xx 000 0 und d
082 _b56756
_a823.08
100 _aवर्टीकर अर्चना
245 _aभूकंप
260 _bसुनंदा जप्तीवाले
_c1999
300 _a135
630 _aभूकंप
730 _aभूकंप
942 _cBOOK
999 _c433106
_d433103